Gujarathi akshar parichay (Record no. 86606)

MARC details
000 -LEADER
fixed length control field 00419nam a2200169Ia 4500
008 - FIXED-LENGTH DATA ELEMENTS--GENERAL INFORMATION
fixed length control field 230125s9999 xx 000 0 und d
041 ## - LANGUAGE CODE
Language code of text/sound track or separate title eng
082 ## - DEWEY DECIMAL CLASSIFICATION NUMBER
Classification number 491.47
Item number NAI
100 ## - MAIN ENTRY--PERSONAL NAME
Personal name Nair U
9 (RLIN) 107373
245 ## - TITLE STATEMENT
Title Gujarathi akshar parichay
260 ## - PUBLICATION, DISTRIBUTION, ETC. (IMPRINT)
Date of publication, distribution, etc. 1991
Name of publisher, distributor, etc. Central Publication
300 ## - PHYSICAL DESCRIPTION
Extent 40p
500 ## - GENERAL NOTE
Keywords Gujarathi Books
650 ## - SUBJECT ADDED ENTRY--TOPICAL TERM
Topical term or geographic name as entry element General
700 ## - ADDED ENTRY--PERSONAL NAME
Personal name Nair U
9 (RLIN) 107373
Holdings
Withdrawn status Lost status Damaged status Not for loan Home library Current library Date acquired Vendor Cost, normal purchase price Bill number Full call number Barcode Date last seen Cost, replacement price Bill Date Koha item type Original Barcode
Withdrawn       Smt. Hiraben Nanavati Institute of Management & Research for Women Smt. Hiraben Nanavati Institute of Management & Research for Women 17/09/1998 Smt Sampat 227.00 269/26.09.98 491.47 NAI B01234 HIMR-BK-1234 25/01/2023 227.00 30/09/1998 Books B01234